MDQL
is popping MORE tags! Check the
thread
!
Quizzes
Events
Quiz Creation
Community
Videos
Private Events
Remove Ads
Sign In
Join for FREE
Feedback
Dark Mode
Quiz Categories
Sports
Geography
Music
Movies
Television
Just For Fun
Miscellaneous
History
Literature
Language
Science
Gaming
Entertainment
Religion
Holiday
For Kids
Quiz Lab
Recent
Popular Today
Quiz Kudos Today
Editor Picks
Curator Picks
Quizzes by...
Day
Popularity
Type
Ratings
Length
Year
Community
Subscriptions
Recent Discussions
Orange Saloon
Badges
Playlists
Quests
Create
Leaderboards
Showdown
Live 5
Trivia Bingo
Activity
Puzzle Library
Sporcle Events
Private Events
Virtual Trivia
Globe League
Become a Host
Pub Owners
SporcleCon
Opinionation
Our Games
Videos
Blog
Mobile Apps
Partnerships
Remove Ads and Go Orange
Feedback
Television
TV Characters
TV Show
Sitcom
Network
Friends
Reality Shows
Cast
South Park
Star Trek
The Simpsons
Doctor Who
Television
TV Characters
TV Show
Sitcom
Network
Friends
Reality Shows
Cast
South Park
Star Trek
The Simpsons
Doctor Who
Random Quiz
Search Sporcle
×
Quiz Lab
Quiz Lab
Television
Once Upon a Time
Type in answers that appear in a list
Type in answers that appear in a list
Classic
Best Score? Go Orange.
OUAT Episodes - Alphabetical Stats
Can you name the Once Upon A Time episodes in alphabetical order?
By
mlingua
18m
166 Questions
164 Plays
164 Plays
164 Plays
Comments
Comments
Give Quiz Kudos
Give Quiz Kudos
-
- Ratings
hide this ad
More Info
Forced Order
Answers have to be entered in order
Answers have to be entered in order
Replay
Link that replays current quiz
Next Quiz
Link to next quiz in quiz playlist
You Got
0%
They Got
Avg Score
41%
Avg Friend Score
Upgrade to see
Score Distribution
Jump to the score distribution portion of the page
Score
0/166
Timer
18:00
0
Plays Today
Episode
% Correct
And Straight On 'Til Morning
92.1%
An Apple Red As Blood
81.1%
Ariel
75.6%
Broken
71.3%
The Apprentice
70.7%
The Dark Swan
65.2%
The Bear and the Bow
64%
The Bear King
63.4%
Awake
62.8%
And They Lived
61.6%
The Heart of the Truest Believer
60.4%
Dreamy
59.8%
Birth
59.1%
Pilot
58.5%
Hyperion Heights
58.5%
The Broken Kingdom
57.9%
The Final Battle
57.9%
Breaking Glass
57.3%
Desperate Souls
56.7%
Child of the Moon
56.1%
Best Laid Plans
56.1%
Broken Heart
55.5%
A Land Without Magic
54.9%
Operation Mongoose
54.9%
The Brothers Jones
53.7%
Dark Hollow
53%
Beauty
53%
A Tale of Two Sisters
52.4%
Leaving Storybrooke
52.4%
The Heart Is A Lonely Hunter
51.8%
The Doctor
51.8%
The Savior
51.8%
Dreamcatcher
51.8%
Devil's Due
51.8%
The Black Fairy
51.8%
Bleeding Through
51.2%
Dark Waters
51.2%
Heart of Darkness
50.6%
Darkness on the Edge of Town
50.6%
Bad Blood
50%
There's No Place Like Home
49.4%
Heart of Gold
48.8%
A Bitter Draught
48.8%
Breadcrumbs
48.8%
Hat Trick
48.2%
The Crocodile
47%
Eloise Gardener
47%
Fruit of the Poisonous Tree
46.3%
The Cricket Game
46.3%
An Untold Story
45.7%
Enter The Dragon
45.7%
Good Form
43.9%
Mother
43.9%
Heartless
43.9%
Changelings
43.9%
7:15 A.M.
43.3%
Episode
% Correct
Going Home
43.3%
The Jolly Roger
43.3%
A Curious Thing
43.3%
The Price of Gold
42.7%
In the Name of the Brother
42.7%
The Evil Queen
42.7%
Lily
42.7%
Family Business
42.7%
Fall
42.7%
The Shepherd
42.1%
Queen of Hearts
42.1%
The Queen Is Dead
42.1%
Chosen
42.1%
New York City Serenade
41.5%
Into the Deep
40.9%
The New Neverland
40.9%
Snow Drifts
40.9%
Snow Falls
40.2%
Manhattan
40.2%
It's Not Easy Being Green
40.2%
Kansas
40.2%
Down The Rabbit Hole
40.2%
Lost Girl
39.6%
Quiet Minds
39.6%
The Price
39%
Firebird
39%
The Return
38.4%
Lady of the Lake
38.4%
Lacey
38.4%
Greenbacks
38.4%
What Happened To Frederick
37.8%
The Stranger
37.8%
Save Henry
37.8%
Heroes and Villains
37.8%
Poor Unfortunate Soul
37.8%
Nimue
37.8%
Her Handsome Hero
37.8%
Sisters
37.8%
Forget Me Not
37.8%
Nasty Habits
37.2%
Shattered Sight
37.2%
Page 23
37.2%
Flower Child
37.2%
The Stable Boy
36.6%
Welcome To Storybrooke
36.6%
Quite a Common Fairy
36.6%
White Out
36.6%
Mother's Little Helper
36.6%
The Thing You Love Most
36%
True North
36%
We Are Both
36%
Tallahassee
36%
The Miller's Daughter
36%
Only You
36%
Ill-Boding Patterns
36%
Where Bluebirds Fly
36%
Episode
% Correct
That Still Small Voice
35.4%
Red-Handed
35.4%
Labor of Love
35.4%
I'll Be Your Mirror
35.4%
Second Star To the Right
34.8%
Our Decay
34.8%
The Eighth Witch
34.8%
Selfless, Brave and True
34.1%
The Garden of Forking Paths
34.1%
The Girl In The Tower
34.1%
The Guardian
34.1%
Skin Deep
33.5%
Sympathy for the De Vil
33.5%
Swan Song
33.5%
Last Rites
33.5%
Pretty In Blue
33.5%
Heart of Stone
33.5%
Home
33.5%
Tiny
32.9%
Witch Hunt
32.9%
Rocky Road
32.9%
The Snow Queen
32.9%
Smash The Mirror
32.9%
Unforgiven
32.9%
Murder Most Foul
32.9%
The Song In Your Heart
32.9%
Is This Henry Mills?
32.9%
Ruby Slippers
32.3%
The Other Shoe
32.3%
Knightfall
32.3%
Homecoming
32.3%
Street Rats
31.7%
Who's Alice?
31.7%
The Outsider
31.1%
The Tower
31.1%
Sisterhood
31.1%
Heart of the Matter
31.1%
Wish You Were Here
30.5%
Tougher Than the Rest
30.5%
A Wondrous Place
30.5%
Dirty Little Secrets
30.5%
Think Lovely Thoughts
29.9%
A Pirate's Life
29.3%
Siege Perilous
28.7%
Souls of the Departed
28%
Nothing To Fear
28%
One Little Tear
27.4%
A Taste of the Heights
27.4%
The Serpent
26.8%
Strange Case
26.2%
Wake Up Call
24.4%
Trust Me
24.4%
Secret Garden
23.8%
To Catch A Thief
23.2%
Quiz Playlist
Details
Report
Send in Message
Add To Playlist
More Info:
Alphabetization discounts articles (a/an/the). Two-parters listed as just one episode. *Season Premiere ºSeason Finale
Classic:
Type in answers that appear in a list
Forced Order:
Answers have to be entered in order
Last Updated: Dec 28, 2018
Quiz Scoreboard
CHALLENGE
Sign Up to Join the Scoreboard
Show All
Scores
Hide
Comments
May contain spoilers
Recently Published
Image Sorting: Flags VI
by Barbecue
Geography
2m
Find the 'City' Movie
by crazypaving
Movies
60s
Colored Red Africa Blitz
by spor1
Geography
45s
More to Explore
Quiz From the Vault
Featured Blog Post
14 Easter Pick-up Lines to Find Eggs With
hide this ad
You Might Also Like...
Tags
Alphabetical
episode
Once Upon a Time
TV Episodes
Today's Top Quizzes in Television
Browse Television
hide this ad
Today's Top Quizzes in Once Upon a Time
Browse Once Upon a Time
Top Contributed Quizzes in Television
1
Survivor Journey Challenge
2
Brooklyn Nine Nine Logic Puzzle (How-To-Play)
3
Total Drama Characters
4
Adjectives in 00s TV Shows
5
Phoebe Buffay Quotes
6
Survivor Heroes vs. Villains Logic Puzzle
7
Survivor Trivia
8
Emmerdale Characters (from August 2012)
9
Game of Thrones: Tywin Lannister Start to Finish
10
Survivor Logic Puzzle: Heroes vs. Villains
Explore More
Trending Topics
Marvel
Harry Potter
Anime
NBA
Disney
Kpop
Crossword
Soccer
Puzzle
WWE
The Office
Song
NFL
Country
Pokémon
hide this ad
More By:
mlingua
Quiz
Plays
Rating
Category
Featured
Created
Eurovision 2019 by First Line
6,371
4.67
Music
Mar 11, 2019
Eurovision 2015-19 by Any 3 Letters
4,608
4.88
Entertainment
May 28, 2019
Måneskin Discography
3,300
5.00
Music
May 27, 2021
Eurovision 2018 by First Line
3,194
4.40
Music
Mar 15, 2018
Eurovision 2021 by First Line
2,987
4.67
Music
Apr 28, 2021
Go to Creator's Profile
Score Distribution
Quiz Creator Spotlight
mlingua
Follow
Send a Message
Quizzes Created
-
Created Quiz Play Count
-
More By This Creator
Popular Quizzes Today
1
Colored Red Africa Blitz
2
Find the US States - No Outlines Minefield
3
Find the 'City' Movie
4
5x2 Blitz: Bands
5
The Countries of the World
6
Find the US States
7
Find the Countries of Europe - No Outlines Minefield
8
US States
More Television Quizzes
Black Mirror Bunker
Quiz Lab
Trending Quizzes
Colored Red Europe Blitz I
Colored Red Europe Blitz II
Colored Red Africa Blitz II
Colored Red Europe Blitz III
Colored Red Africa Blitz III
Recently Updated
How Do You Spell That?
pecheneg
Godzilla Movies
pecheneg
Grab Bag: 4-10 Letters
pecheneg
2024 March Madness Bracket
pecheneg
Famous TV Couples
Peacemaker
Champions League XIs: Real Madrid
pecheneg
Largest US Cities 1790-2010
pecheneg
Rides in Walt Disney World
pecheneg
Most Oscar Losses (Acting)
pecheneg
Beyoncé Albums
pecheneg
Trending Topics
Crossword
Harry Potter
NBA
Marvel
Disney
Kpop
Anime
Soccer
WWE
Country
NFL
The Office
Puzzle
Pokémon
Song
Your Account Isn't Verified!
In order to create a playlist on Sporcle, you need to verify the email address you used during registration. Go to your
Sporcle Settings
to finish the process.
Report this User
Report this user for behavior that violates our
Community Guidelines
.
Details:
Send Report
Go to the Sporcle.com Mobile Site →
Comments